00870pam a2200229 a 4500001000500000005001700005020002400022040002300046050001700069082001200086100002300098245008100121260003800202300003800240490004600278505000800324520019500332521002000527521002000547650003500567700003800602156520230907090419.0 a067142341X (pbk.) : aDLCcDLCdDLCbeng00aPZ7.D644bFu00aFic2191 aDixon, Franklin W.14aThe four-headed dragon /cFranklin W. Dixon ; illustrated by Leslie Morrill. aNew York :bWanderer Booksc1981. a180 pages billustrations c20 cm1 aThe Hardy Boys mystery stories ;vBook 69 aU  aThe Hardy boys track a criminal who plans to use an invention designed as a peaceful aid to the secret Four-Headed Dragon organization behind the Iron Curtain to harm the free world instead. a820 bLexile  aU bRaz-Plus  1aMystery and detective stories.1 aMorrill, Leslie H.,eillustrator